LEADER 01003nam a2200217 i 4500 001 000000060957 003 CaOOAMICUS 005 20140718000000.0 008 140718s1950 it u000 u ita u 013 $a32129 040 $aSeMil$bita 245 13$aLa vita di Gesù :$bLezioni tenute ad Assisi al 7. Corso di Studi Cristiani. 260 $aAssisi :$bEdizioni Pro Civitate Christiana,$c1950. 300 $a217 p. ;$c26 cm. 650 4$aGesù Cristo - Vita.$0(OLS)http://semarc/subject/415 700 1 $aCorso di Studi Cristiani <7. ; 1950 ; Assisi>.$0(OLS)http://semarc/name/30981 773 0 $tSimbolo.$dAssisi : Edizioni Pro Civitate Christiana, 1953-1967.$gVolume7$w()302 850 $aSeMil 852 $aSeMil$W1$xVenegono$y1$m2K V 137$j27110$B27110$CSeMilBibl$Z2$F27113 $81 996 $6245$aLa vita di Gesù :$bLezioni tenute ad Assisi al 7. Corso di Studi Cristiani$9(OLS)http://semarc/title/95656 996 $6260$aAssisi :$bEdizioni Pro Civitate Christiana$9(OLS)http://semarc/publisher/29813 LEADER 01145nam a2200253 i 4500 001 000000090271 003 CaOOAMICUS 005 20171129000000.0 008 171129s1998 it u000 u ita u 013 $a62513 020 $a88-311-7424-X 040 $aSeMil$bita 245 10$aAlla scuola dell'eucaristia :$bspiritualità di Raffaello Delle Nocche /$cDomenico Sorrentino (ed.) ; contributi di: Eletta Adamo ... [et al.]. 260 $aRoma :$bCittà Nuova,$c1998. 300 $a145 p. ;$c20 cm. 600 14$aDelle Nocche, Raffaello .$0(OLS)http://semarc/subject/22244 700 1 $aAdamo, Eletta.$0(OLS)http://semarc/name/92382 700 1 $aSorrentino, Domenico$b<1948- >.$0(OLS)http://semarc/name/22456 850 $aSeMil 852 $aSeMil$W1$xVenegono$y1$m3G V 341$j53239$B53239$CSeMilBibl$Z2$F57872 $81 961 $aOmaggio: Delpini mons. Mario 996 $6020$a88-311-7424-X$9(OLS)http://semarc/number/272036 996 $6245$aAlla scuola dell'eucaristia :$bspiritualità di Raffaello Delle Nocche$9(OLS)http://semarc/title/406032 996 $6260$aRoma :$bCittà Nuova$9(OLS)http://semarc/publisher/29609